La eneida / (Registro nro. 8271)

Detalles MARC
000 -LIDER
fixed length control field 00975nam a2200313 a 4500
001 - NÚMERO DE CONTROL
Identificador de número de control 000033737
003 - IDENTIFICACDOR DE NÚMERO DE CONTROL
control field DO-SdBNP
005 - DATE AND TIME OF LATEST TRANSACTION
control field 20180125102245.0
007 - CAMPOS FIJOS DE DESCRIPCIÓN FÍSICA
fixed length control field 000033737
008 - ELEMENTOS DE LONGITUD FIJA
fixed length control field 110907s2011 pe 000 0 spa d
020 ## - ISBN
International Standard Book Number 9786124103056
040 ## - FUENTE DE CATALOGACIÓN
Agencia que crea de manera original el registro BPMSU
Idioma de catalogación spa
Agencia que realiza la transcripción BPMSU
092 ## - LOCALLY ASSIGNED DEWEY DECIMAL CALL NUMBER
Número de clasificación 873.1
100 1# - ASIENTO PRINCIPAL -- NOMBRE PERSONAL
Nombre personal Virgilio
Fechas asociadas con el nombre 70-19 a. de J. C.
245 13 - MENCIÓN DE TITULO
Título La eneida /
Mención de responsabilidad Publio Virgilio Marón. ;ilustración Gerson Jara Morales
260 ## - PUBLICACIÓN, DISTRIBUCIÓN, ETC. (PIE DE IMPRENTA)
Lugar de publicación, distribución, etc Lima, Perú :
Nombre del editor, distribuidor, etc. Editorial Educativa,
Fecha de publicación, distribución, etc 2011
300 ## - DESCRIPCIÓN FÍSICA
Extensión 209 p. ;
Dimensiones 17 cm.
490 1# - MENCIÓN DE SERIES
Mención de serie Plan lector
650 ## - ENCABEZAMIENTO DE MATERIA--TEMÁTICO
Fuente del encabezamiento o término POESÍA ÉPICA LATINA
700 1# - ASIENTO SECUNDARIO -- NOMBRE PERSONAL
Nombre personal Morales, Gerson Jara
Mención de responsabilidad il.
830 #0 - ASIENTO SECUNDARIO DE SERIE--TÍTULO UNIFORME
Título uniforme Plan lector
930 #1 - EQUIVALENCE OR CROSS-REFERENCE-UNIFORM TITLE HEADING [LOCAL, CANADA]
Language of a work BND01
Medium of performance for music LF1
Field link and sequence number 20110907
Date of a work 01
Name of part/section of a work CT
Miscellaneous information 29609
930 #1 - EQUIVALENCE OR CROSS-REFERENCE-UNIFORM TITLE HEADING [LOCAL, CANADA]
Language of a work BND01
Medium of performance for music LF1
Field link and sequence number 20130724
Date of a work 01
Name of part/section of a work CT
Miscellaneous information 29609
Medium e.2
942 ## - ADDED ENTRY ELEMENTS (KOHA)
Source of classification or shelving scheme Dewey Decimal Classification
Koha item type Libros
945 ## - INFORMACIÓN DE PROCESAMIENTO LOCAL
Información de procesamiento local inventariado, 2018 / dg
956 ## - LOCAL ELECTRONIC LOCATION AND ACCESS (OCLC)
Nombre de host GREYES
Número de acceso 10
Información de compresión 20110907
Inicio de sesión BND01
Procesador de solicitud 1517
956 ## - LOCAL ELECTRONIC LOCATION AND ACCESS (OCLC)
Nombre de host MGARCIA
Número de acceso 10
Información de compresión 20130724
Inicio de sesión BND01
Procesador de solicitud 1349
956 ## - LOCAL ELECTRONIC LOCATION AND ACCESS (OCLC)
Nombre de host VMATEO
Número de acceso 10
Información de compresión 20150918
Inicio de sesión BPMSU
Procesador de solicitud 00151
Existencias
Withdrawn status Lost status Source of classification or shelving scheme Damaged status Not for loan Home library Current library Date acquired Source of acquisition Total Checkouts Barcode Date last seen Price effective from Koha item type Copy number
    Dewey Decimal Classification     Biblioteca Pública Metropolitana Salomé Ureña Biblioteca Pública Metropolitana Salomé Ureña 09/18/2015 Compra   BPMSU15090124 09/18/2015 09/18/2015 Libros  
    Dewey Decimal Classification     Biblioteca Pública Metropolitana Salomé Ureña Biblioteca Pública Metropolitana Salomé Ureña 09/18/2015 Compra   BPMSU15090125 09/18/2015 09/18/2015 Libros ej. 2
    Dewey Decimal Classification     Biblioteca Pública Metropolitana Salomé Ureña Biblioteca Pública Metropolitana Salomé Ureña 09/18/2015 Compra   BPMSU15090126 09/18/2015 09/18/2015 Libros ej. 3